000 00809nam a22002297a 4500
001 4955379
005 19961022103805.6
008 960912s1994 rm 000 0 rum
040 _aDLC
_cDLC
050 0 0 _aPC840.22.A8
_bM68 1994
082 _220
_a810
_bDUR
100 1 _aLawrence, Durrell.
_911148
245 1 0 _aJustine /
_cLawrence Durrell.
260 _aNew York:
_bE.P. Dutton,
_cc.1958.
300 _a250 p. ;
_c15 cm.
500 _aDonations.
500 _aDonated By: Alaa Abdel Ghaney.
650 _911139
_aFiction in English 1945- Translations
942 _2ddc
_cBB
999 _c13332
_d13332